Katalog der Königlichen Gemäldegalerie zu Dresden; (Record no. 37564)

MARC details
000 -LEADER
fixed length control field 00624cam a22001817 4500
001 - CONTROL NUMBER
control field ltf91040072
003 - CONTROL NUMBER IDENTIFIER
control field DLC
005 - DATE AND TIME OF LATEST TRANSACTION
control field 20260227111553.0
008 - FIXED-LENGTH DATA ELEMENTS--GENERAL INFORMATION
fixed length control field 910410s1912 gw 000 0 ger
010 ## - LIBRARY OF CONGRESS CONTROL NUMBER
LC control number ltf91040072
040 ## - CATALOGING SOURCE
Original cataloging agency DLC
Transcribing agency DLC
Modifying agency DLC
050 00 - LIBRARY OF CONGRESS CALL NUMBER
Classification number 4N 92
110 2# - MAIN ENTRY--CORPORATE NAME
Corporate name or jurisdiction name as entry element Gemäldegalerie (Dresden, Germany)
245 10 - TITLE STATEMENT
Title Katalog der Königlichen Gemäldegalerie zu Dresden;
Statement of responsibility, etc. hrsg. von der Generaldirektion der Königlichen Sammlungen für Kunst und Wissenschaft. Kleine Ausg.
250 ## - EDITION STATEMENT
Edition statement 8. Aufl.
260 ## - PUBLICATION, DISTRIBUTION, ETC.
Place of publication, distribution, etc. Dresden,
Name of publisher, distributor, etc. im Verlag Buchdr. der Wilhelm und Bertha v. Baensch Stiftung,
Date of publication, distribution, etc. 1912.
300 ## - PHYSICAL DESCRIPTION
Extent 344 p.

No items available.

Powered by Koha